01788nam a2200433 u 450000100070000000500170000700800410002402000150006503500110008003500210009104000130011204100080012508200080013310000380014124500610017926000910024030000180033149000910034965000580044065000410049865000500053965000370058965000530062665000430067965000430072265000440076565000470080965000550085665000360091170000410094770000320098870000370102070000420105770000360109970000410113594200090117699900190118595201500120499956320260507073110.0061024s2005 spa  a9709033050 a999563 a(OCoLC)427470936 ccomduadb aspa 4a37810aAncira, Ricardo4edteedt942763210aLanzamiento de un proyecto universitario latinoamericano aMéxico :bCentro Nacional de Evaluacion para la Educacion Superior (CENEVAL),c2005. a415 páginas0 aProyecto 6x4 UEALC : Seis Profesiones en Cuatro Ejes : un Diálogo Universitario ;v2 aEducacion superior - America Latina y el Caribe92353 aEducación superior - Europa941018 aInstituciones de educación superior9175090 7aReforma universitaria2lemb9672 aAcreditación de la educación superior923728 aEvaluación educativa superior918893 7aCalidad de la educación2lemb987084 4aUniversidad Nacional de Colombia916174 aEducación basada en competencias9149299 7aEducación superiorxInvestigaciones2lemb961453 aEducación - Innovaciones941610aGuzman, Mario Raul4edteedt942928610aHaug, Guy4auteaut955092610aMalo, Salvador4auteaut940811410aVillanueva, Ernesto4auteaut930339310aVidal, Javier4auteaut931558810aVieira, Maria Jose4auteaut9548545 cBOOK c395205d395205 001040708GENaBCbBCd2006-10-24eMaterial adquirido por donacióniC926733l0o378.8 L297p0570290r2023-04-26 00:00:00t1w2023-04-26yBOOK